|
|
|
|
| LEADER |
00831nam a2200265 4500 |
| 001 |
DLU090080608 |
| 005 |
##20090619 |
| 040 |
# |
# |
|a DLU
|b vie
|
| 041 |
# |
# |
|a vie
|
| 044 |
# |
# |
|a vn
|
| 100 |
# |
# |
|a Huỳnh Bích Nhung,
|c TS.
|
| 245 |
# |
# |
|a Nghĩ về sự phát triển và phương hướng bảo tồn nghệ thuật Rô Băm /
|c Huỳnh Bích Nhung.
|
| 653 |
# |
# |
|a Nghệ thuật diễn xuất
|
| 653 |
# |
# |
|a Nghệ thuật truyền thống
|
| 653 |
# |
# |
|a Nghiên cứu so sánh
|
| 773 |
# |
# |
|t Văn hoá Nghệ thuật
|g Số 7(193), 2000, tr. 61-65
|
| 920 |
# |
# |
|a Phòng Tạp chí -- Trung tâm Thông tin - Thư viện Trường Đại học Đà Lạt
|
| 994 |
# |
# |
|a DLU
|
| 900 |
# |
# |
|a True
|
| 911 |
# |
# |
|a Đào Thị Thu Huyền
|
| 925 |
# |
# |
|a G
|
| 926 |
# |
# |
|a A
|
| 927 |
# |
# |
|a BB
|
| 980 |
# |
# |
|a Thư viện Trường Đại học Đà Lạt
|